<?xml version="1.0" encoding="UTF-8"?>
<record
    xmlns:xsi="http://www.w3.org/2001/XMLSchema-instance"
    xsi:schemaLocation="http://www.loc.gov/MARC21/slim http://www.loc.gov/standards/marcxml/schema/MARC21slim.xsd"
    xmlns="http://www.loc.gov/MARC21/slim">

  <leader>02207    a2200229   4500</leader>
  <controlfield tag="001">21539</controlfield>
  <controlfield tag="005">20260407155505.0</controlfield>
  <controlfield tag="008">260407a2012    arg                 spa d</controlfield>
  <controlfield tag="003">AR-UNSa-BCEJYS</controlfield>
  <datafield tag="040" ind1=" " ind2=" ">
    <subfield code="a">AR-UNSa-BCEJYS</subfield>
    <subfield code="b">spa</subfield>
    <subfield code="c">AR-UNSa-BCEJYS</subfield>
  </datafield>
  <datafield tag="080" ind1=" " ind2=" ">
    <subfield code="a">347.736</subfield>
    <subfield code="x">Quiebra. Insolvencia. Suspensi&#xF3;n de pagos. Bancarrota, procedimientos. Derecho Concursal</subfield>
  </datafield>
  <datafield tag="245" ind1="1" ind2="0">
    <subfield code="a">Derecho concursal</subfield>
  </datafield>
  <datafield tag="020" ind1=" " ind2=" ">
    <subfield code="a">978-950-20-2253-6</subfield>
  </datafield>
  <datafield tag="250" ind1=" " ind2=" ">
    <subfield code="a">2a. ed.</subfield>
  </datafield>
  <datafield tag="264" ind1=" " ind2="1">
    <subfield code="a">Buenos Aires :</subfield>
    <subfield code="b">Abeledo Perrot</subfield>
    <subfield code="c">2012</subfield>
  </datafield>
  <datafield tag="300" ind1=" " ind2=" ">
    <subfield code="a">xxxii, 1153 p.</subfield>
    <subfield code="c">25 cm.</subfield>
  </datafield>
  <datafield tag="505" ind1=" " ind2=" ">
    <subfield code="a">Primera Parte: Instituciones generales: 1. Fundamentos de derecho concursal - 2. Or&#xED;genes hit&#xF3;ricos, evoluci&#xF3;n y antecedentes del derecho concursal - Presupuesto de los procesos concursales - 4. El proceso concursal - 5. Jurisdicci&#xF3;n concursal - 6. Funcionarios concursales - 7. Reglas procesales concursales -- Segunda Parte: Concurso preventivo: 1. Soluciones alternativas de la insolvencia - 2. Presentaci&#xF3;n y apertura - 3. Publicidad y desistimiento - 4. Efectos patrimoniales - 5. Efectos respecto de los cr&#xE9;ditos concursales - 6. Efecto respeto de los juicios contra el concursado - 7. Efectos personales - 8. Verificaci&#xF3;n de cr&#xE9;ditos - 9. Informe general - 10.Categorizaci&#xF3;n de acreedores y per&#xED;odo de exclusividad - 11. Salvataje o Cramdown - 12. Acuerdo preventivo - 13. Concursamiento en grupo o conjunto - 14. Acuerdo preventivo extrajudicial -- Tercera parte: Quiebra: 1. Declaraci&#xF3;n de quiebra - 2. Impugnaci&#xF3;n de la sentencia de quiebra - 3. Conversi&#xF3;n de la quiebra en concurso preventivo - 4. Efectos personales - 5. Efectos patrimoniales - 6. Efectos retroactivos - 7. Efectos sobre los cr&#xE9;ditos - 8. Efectos sobre bienes de terceros - 9. Efectos sobre los contratos - 10. Extensi&#xF3;n de quiebra - 11. Acciones de responsabilidad - 12. Continuaci&#xF3;n de la explotaci&#xF3;n de la empresa - 13. Per&#xED;odo informativo - 14. Liquidaci&#xF3;n y distribuci&#xF3;n - 15. Preferencias concursales - 16. Conclusi&#xF3;n de la quiebra</subfield>
  </datafield>
  <datafield tag="942" ind1=" " ind2=" ">
    <subfield code="c">BK</subfield>
  </datafield>
  <datafield tag="590" ind1=" " ind2=" ">
    <subfield code="a">niveau_biblio:m niveau_hierar:0</subfield>
  </datafield>
  <datafield tag="100" ind1="1" ind2=" ">
    <subfield code="a">Graziabile, Dar&#xED;o J.</subfield>
  </datafield>
  <datafield tag="856" ind1="4" ind2="1">
    <subfield code="u">https://biblioeco.unsa.edu.ar/pmb/images/libros/Derecho Concursal 2.jpg</subfield>
    <subfield code="y">Imagen de portada</subfield>
    <subfield code="q">image/jpeg</subfield>
  </datafield>
  <datafield tag="999" ind1=" " ind2=" ">
    <subfield code="c">806</subfield>
    <subfield code="d">806</subfield>
  </datafield>
  <datafield tag="952" ind1=" " ind2=" ">
    <subfield code="0">0</subfield>
    <subfield code="1">0</subfield>
    <subfield code="4">0</subfield>
    <subfield code="7">0</subfield>
    <subfield code="a">BCEJYS</subfield>
    <subfield code="b">BCEJYS</subfield>
    <subfield code="c">16</subfield>
    <subfield code="d">2026-04-07</subfield>
    <subfield code="l">0</subfield>
    <subfield code="o">347.736 G785 2ed.</subfield>
    <subfield code="p">L119356</subfield>
    <subfield code="r">2026-04-07 15:55:05</subfield>
    <subfield code="w">2026-04-07</subfield>
    <subfield code="y">L</subfield>
    <subfield code="z">L&#xC1;PIZ LEVE - TAPA SUELTA - &#xDA;LTIMAS HOJAS ROTAS - CANTO UN POCO SUCIO </subfield>
  </datafield>
  <datafield tag="952" ind1=" " ind2=" ">
    <subfield code="0">0</subfield>
    <subfield code="1">0</subfield>
    <subfield code="4">0</subfield>
    <subfield code="7">0</subfield>
    <subfield code="a">BCEJYS</subfield>
    <subfield code="b">BCEJYS</subfield>
    <subfield code="c">16</subfield>
    <subfield code="d">2026-04-07</subfield>
    <subfield code="l">0</subfield>
    <subfield code="o">347.736 G785 2ed.</subfield>
    <subfield code="p">L119360</subfield>
    <subfield code="r">2026-04-07 15:55:05</subfield>
    <subfield code="w">2026-04-07</subfield>
    <subfield code="y">L</subfield>
    <subfield code="z">TAPA DESPEGADA - PARTIDO P&#xC1;G. 514</subfield>
  </datafield>
  <datafield tag="952" ind1=" " ind2=" ">
    <subfield code="0">0</subfield>
    <subfield code="1">0</subfield>
    <subfield code="4">0</subfield>
    <subfield code="7">0</subfield>
    <subfield code="a">BCEJYS</subfield>
    <subfield code="b">BCEJYS</subfield>
    <subfield code="c">16</subfield>
    <subfield code="d">2026-04-07</subfield>
    <subfield code="l">0</subfield>
    <subfield code="o">347.736 G785 2ed.</subfield>
    <subfield code="p">L119353</subfield>
    <subfield code="r">2026-04-07 15:55:05</subfield>
    <subfield code="w">2026-04-07</subfield>
    <subfield code="y">L</subfield>
  </datafield>
  <datafield tag="952" ind1=" " ind2=" ">
    <subfield code="0">0</subfield>
    <subfield code="1">0</subfield>
    <subfield code="4">0</subfield>
    <subfield code="7">0</subfield>
    <subfield code="a">BCEJYS</subfield>
    <subfield code="b">BCEJYS</subfield>
    <subfield code="c">16</subfield>
    <subfield code="d">2026-04-07</subfield>
    <subfield code="l">0</subfield>
    <subfield code="o">347.736 G785 2ed.</subfield>
    <subfield code="p">L119357</subfield>
    <subfield code="r">2026-04-07 15:55:05</subfield>
    <subfield code="w">2026-04-07</subfield>
    <subfield code="y">L</subfield>
    <subfield code="z">TAPA SUELTA - CANTO SUCIO </subfield>
  </datafield>
  <datafield tag="952" ind1=" " ind2=" ">
    <subfield code="0">0</subfield>
    <subfield code="1">0</subfield>
    <subfield code="4">0</subfield>
    <subfield code="7">0</subfield>
    <subfield code="a">BCEJYS</subfield>
    <subfield code="b">BCEJYS</subfield>
    <subfield code="c">16</subfield>
    <subfield code="d">2026-04-07</subfield>
    <subfield code="l">0</subfield>
    <subfield code="o">347.736 G785 2ed.</subfield>
    <subfield code="p">L119359</subfield>
    <subfield code="r">2026-04-07 15:55:05</subfield>
    <subfield code="w">2026-04-07</subfield>
    <subfield code="y">L</subfield>
    <subfield code="z">TAPA SUELTA - MANCHAS EN P&#xC1;G. 643-645</subfield>
  </datafield>
  <datafield tag="952" ind1=" " ind2=" ">
    <subfield code="0">0</subfield>
    <subfield code="1">0</subfield>
    <subfield code="4">0</subfield>
    <subfield code="7">0</subfield>
    <subfield code="a">BCEJYS</subfield>
    <subfield code="b">BCEJYS</subfield>
    <subfield code="c">16</subfield>
    <subfield code="d">2026-04-07</subfield>
    <subfield code="l">0</subfield>
    <subfield code="o">347.736 G785 2ed.</subfield>
    <subfield code="p">L119358</subfield>
    <subfield code="r">2026-04-07 15:55:05</subfield>
    <subfield code="w">2026-04-07</subfield>
    <subfield code="y">L</subfield>
    <subfield code="z">TAPA SEMISUELTA - ALGO H&#xDA;MEDO - CANTO SUCIO - SUBRAYADO C/ L&#xC1;PIZ LEVE - ESCRITO C/ L&#xC1;PIZ LEVE - MANCHAS DE ACEITE LEVE </subfield>
  </datafield>
  <datafield tag="952" ind1=" " ind2=" ">
    <subfield code="0">0</subfield>
    <subfield code="1">0</subfield>
    <subfield code="4">0</subfield>
    <subfield code="7">0</subfield>
    <subfield code="a">BCEJYS</subfield>
    <subfield code="b">BCEJYS</subfield>
    <subfield code="c">16</subfield>
    <subfield code="d">2026-04-07</subfield>
    <subfield code="l">0</subfield>
    <subfield code="o">347.736 G785 2ed.</subfield>
    <subfield code="p">L119355</subfield>
    <subfield code="r">2026-04-07 15:55:05</subfield>
    <subfield code="w">2026-04-07</subfield>
    <subfield code="y">L</subfield>
    <subfield code="z">TAPA SEMISUELTA - SUBRAYADO C/ L&#xC1;PIZ LEVE - P&#xC1;G. 1118 MANCHADA - H&#xDA;MEDO </subfield>
  </datafield>
  <datafield tag="952" ind1=" " ind2=" ">
    <subfield code="0">0</subfield>
    <subfield code="1">0</subfield>
    <subfield code="4">0</subfield>
    <subfield code="7">0</subfield>
    <subfield code="a">BCEJYS</subfield>
    <subfield code="b">BCEJYS</subfield>
    <subfield code="c">16</subfield>
    <subfield code="d">2026-04-07</subfield>
    <subfield code="l">0</subfield>
    <subfield code="o">347.736 G785 2ed.</subfield>
    <subfield code="p">L119361</subfield>
    <subfield code="r">2026-04-07 15:55:05</subfield>
    <subfield code="w">2026-04-07</subfield>
    <subfield code="y">L</subfield>
    <subfield code="z">TAPA SEMIDESPEGADA - CANTO SUCIO - ESCRITO C/ L&#xC1;PIZ LEVE - MANCHADO - PARTIDO</subfield>
  </datafield>
  <datafield tag="952" ind1=" " ind2=" ">
    <subfield code="0">0</subfield>
    <subfield code="1">0</subfield>
    <subfield code="4">0</subfield>
    <subfield code="7">0</subfield>
    <subfield code="a">BCEJYS</subfield>
    <subfield code="b">BCEJYS</subfield>
    <subfield code="c">16</subfield>
    <subfield code="d">2026-04-07</subfield>
    <subfield code="l">0</subfield>
    <subfield code="o">347.736 G785 2ed.</subfield>
    <subfield code="p">L119354</subfield>
    <subfield code="r">2026-04-07 15:55:05</subfield>
    <subfield code="w">2026-04-07</subfield>
    <subfield code="y">L</subfield>
    <subfield code="z">TAPA TRASERA Y DELANTERA SUELTA - MANCHADO - CANTO SUCIO - SUBRAYADO C/ L&#xC1;PIZ P&#xC1;G. 7-13/44-55/58-73 - MARCADO C/ LAPICERA P&#xC1;G. 411 Y 412 - ESCRITO C/ L&#xC1;PIZ LEVE - MANCHAS DE ACEITE LEVE</subfield>
  </datafield>
  <datafield tag="952" ind1=" " ind2=" ">
    <subfield code="0">0</subfield>
    <subfield code="1">0</subfield>
    <subfield code="4">0</subfield>
    <subfield code="7">0</subfield>
    <subfield code="a">BCEJYS</subfield>
    <subfield code="b">BCEJYS</subfield>
    <subfield code="c">16</subfield>
    <subfield code="d">2026-04-07</subfield>
    <subfield code="l">0</subfield>
    <subfield code="o">347.736 G785 2ed.</subfield>
    <subfield code="p">L119362</subfield>
    <subfield code="r">2026-04-07 15:55:05</subfield>
    <subfield code="w">2026-04-07</subfield>
    <subfield code="y">L</subfield>
    <subfield code="z">TAPA SEMISUELTA - CANTO MANCHADO - SUBRAYADO C/ L&#xC1;PIZ LEVE - MANCHAS DE ACEITE LEVE</subfield>
  </datafield>
  <datafield tag="952" ind1=" " ind2=" ">
    <subfield code="0">0</subfield>
    <subfield code="1">0</subfield>
    <subfield code="4">0</subfield>
    <subfield code="7">0</subfield>
    <subfield code="a">BCEJYS</subfield>
    <subfield code="b">BCEJYS</subfield>
    <subfield code="c">16</subfield>
    <subfield code="d">2026-04-07</subfield>
    <subfield code="l">0</subfield>
    <subfield code="o">347.736 G785 2ed.</subfield>
    <subfield code="p">L119676</subfield>
    <subfield code="r">2026-04-07 15:55:05</subfield>
    <subfield code="w">2026-04-07</subfield>
    <subfield code="y">L</subfield>
    <subfield code="z">CANTO LATERAL RAYADO C/ L&#xC1;PIZ - SUBRAYADO C/ L&#xC1;PIZ LEVE - ESCRITO C/ L&#xC1;PIZ LEVE - TAPA SEMISUELTA - MANCHAS DE ACEITE LEVE</subfield>
  </datafield>
  <datafield tag="952" ind1=" " ind2=" ">
    <subfield code="0">0</subfield>
    <subfield code="1">0</subfield>
    <subfield code="4">0</subfield>
    <subfield code="7">0</subfield>
    <subfield code="a">BCEJYS</subfield>
    <subfield code="b">BCEJYS</subfield>
    <subfield code="c">16</subfield>
    <subfield code="d">2026-04-07</subfield>
    <subfield code="l">0</subfield>
    <subfield code="o">347.736 G785 2ed.</subfield>
    <subfield code="p">L119677</subfield>
    <subfield code="r">2026-04-07 15:55:05</subfield>
    <subfield code="w">2026-04-07</subfield>
    <subfield code="y">L</subfield>
    <subfield code="z">TAPA SEMISUELTA - CANTO UN POCO MANCHADO</subfield>
  </datafield>
  <datafield tag="952" ind1=" " ind2=" ">
    <subfield code="0">0</subfield>
    <subfield code="1">0</subfield>
    <subfield code="4">0</subfield>
    <subfield code="7">0</subfield>
    <subfield code="a">BCEJYS</subfield>
    <subfield code="b">BCEJYS</subfield>
    <subfield code="c">16</subfield>
    <subfield code="d">2026-04-07</subfield>
    <subfield code="l">0</subfield>
    <subfield code="o">347.736 G785 2ed.</subfield>
    <subfield code="p">L119678</subfield>
    <subfield code="r">2026-04-07 15:55:05</subfield>
    <subfield code="w">2026-04-07</subfield>
    <subfield code="y">L</subfield>
    <subfield code="z">H&#xDA;MEDO - TAPA POCO DA&#xD1;ADA </subfield>
  </datafield>
  <datafield tag="952" ind1=" " ind2=" ">
    <subfield code="0">0</subfield>
    <subfield code="1">0</subfield>
    <subfield code="4">0</subfield>
    <subfield code="7">0</subfield>
    <subfield code="a">BCEJYS</subfield>
    <subfield code="b">BCEJYS</subfield>
    <subfield code="c">16</subfield>
    <subfield code="d">2026-04-07</subfield>
    <subfield code="l">0</subfield>
    <subfield code="o">347.736 G785 2ed.</subfield>
    <subfield code="p">L119679</subfield>
    <subfield code="r">2026-04-07 15:55:05</subfield>
    <subfield code="w">2026-04-07</subfield>
    <subfield code="y">L</subfield>
  </datafield>
  <datafield tag="952" ind1=" " ind2=" ">
    <subfield code="0">0</subfield>
    <subfield code="1">0</subfield>
    <subfield code="4">0</subfield>
    <subfield code="7">0</subfield>
    <subfield code="a">BCEJYS</subfield>
    <subfield code="b">BCEJYS</subfield>
    <subfield code="c">16</subfield>
    <subfield code="d">2026-04-07</subfield>
    <subfield code="l">0</subfield>
    <subfield code="o">347.736 G785 2ed.</subfield>
    <subfield code="p">L119680</subfield>
    <subfield code="r">2026-04-07 15:55:05</subfield>
    <subfield code="w">2026-04-07</subfield>
    <subfield code="y">L</subfield>
    <subfield code="z">PRIMERAS HOJAS MANCHADAS C/ ROJO - TAPA SEMIDESPEGADA - SUBRAYADO C/ L&#xC1;PIZ LEVE</subfield>
  </datafield>
</record>
